[Event "SRB-ch (Women) 19th"]
[Site "Pirot"]
[Date "2025.06.07"]
[Round "8"]
[White "Mijic, Sara"]
[Black "Mehmed, Elif"]
[Result "0-1"]
[WhiteElo "2084"]
[BlackElo "2248"]
[PlyCount "54"]
[EventDate "2025.05.31"]
[EventType "tourn"]
[EventRounds "9"]
[EventCountry "SRB"]
[SourceTitle "CB24_2025"]
[SourceDate "2025.06.11"]
[SourceVersion "1"]
[SourceVersionDate "2025.06.11"]
[SourceQuality "1"]

1. e4 c5 2. Nf3 e6 3. d4 cxd4 4. Nxd4 Nf6 5. Nc3 Nc6 6. Ndb5 Bc5 7. Be3 Bxe3 8. Nd6+ Ke7 9. fxe3 a6 10. e5 Nxe5 11. Qd4 Qa5 12. b4 Qc7 13. 0-0-0 Ng6 14. b5 b6 15. Qb4 Qc5 16. Qxc5 bxc5 17. b6 Rb8 18. Na4 a5 19. Bb5 Bb7 20. Rhg1 Bd5 21. Nc4 Bxc4 22. Bxc4 Ne5 23. Ba6 Nd5 24. b7 Nb4 25. Nxc5 d6 26. a3 Nxa6 27. Nxa6 Rxb7 0-1

[Event "SRB-ch (Women) 19th"]
[Site "Pirot"]
[Date "2025.06.02"]
[Round "3"]
[White "Mijic, Sara"]
[Black "Pogorelskikh, Sofia"]
[Result "1/2-1/2"]
[WhiteElo "2084"]
[BlackElo "2326"]
[PlyCount "86"]
[EventDate "2025.05.31"]
[EventType "tourn"]
[EventRounds "9"]
[EventCountry "SRB"]
[SourceTitle "CB24_2025"]
[SourceDate "2025.06.11"]
[SourceVersion "1"]
[SourceVersionDate "2025.06.11"]
[SourceQuality "1"]

1. e4 c5 2. Nf3 d6 3. d4 cxd4 4. Nxd4 Nf6 5. Nc3 a6 6. Be3 e5 7. Nb3 Be7 8. f3 Be6 9. Qd2 h5 10. Nd5 Nxd5 11. exd5 Bf5 12. Be2 Bh4+ 13. g3 Be7 14. 0-0-0 a5 15. Bb5+ Bd7 16. Qd3 a4 17. Nd2 Qa5 18. Bxd7+ Nxd7 19. g4 h4 20. Ne4 a3 21. b3 0-0 22. Qd2 Qc7 23. Rhg1 Rfc8 24. g5 Nf8 25. c4 Ng6 26. Kb1 Qd7 27. Qg2 b5 28. c5 dxc5 29. d6 Bd8 30. Bxc5 Nf4 31. Qg4 Qxg4 32. Rxg4 Ne2 33. b4 h3 34. Rd5 Ra4 35. Rd1 Nd4 36. Nc3 Raa8 37. Rg3 Ne6 38. Ne4 Nf4 39. Rgg1 Rc6 40. Rge1 Ng2 41. Re2 Nf4 42. Red2 Ne6 43. d7 Ra4 1/2-1/2

[Event "SRB-ch sf (Women)"]
[Site "Senta"]
[Date "2025.05.09"]
[Round "5"]
[White "Ilic, Mia"]
[Black "Mijic, Sara"]
[Result "0-1"]
[WhiteElo "1719"]
[BlackElo "2084"]
[PlyCount "34"]
[EventDate "2025.05.05"]
[EventType "tourn"]
[EventRounds "7"]
[EventCountry "SRB"]
[SourceTitle "CB20_2025"]
[SourceDate "2025.05.14"]
[SourceVersion "1"]
[SourceVersionDate "2025.05.14"]
[SourceQuality "1"]

1. d4 d5 2. c4 dxc4 3. Nf3 c5 4. Qa4+ Bd7 5. Qxc4 cxd4 6. Qxd4 Nc6 7. Qd1 Nf6 8. Nc3 e5 9. Bg5 h6 10. Bh4 e4 11. Bxf6 Qxf6 12. Nxe4 Qxb2 13. Qc1 Bb4+ 14. Ned2 Qf6 15. e3 Bg4 16. Be2 Bxf3 17. gxf3 Rd8 0-1

[Event "SRB-ch sf (Women)"]
[Site "Senta"]
[Date "2025.05.08"]
[Round "4"]
[White "Mijic, Sara"]
[Black "Grozdanovic, Anastasia"]
[Result "0-1"]
[WhiteElo "2084"]
[BlackElo "2085"]
[PlyCount "82"]
[EventDate "2025.05.05"]
[EventType "tourn"]
[EventRounds "7"]
[EventCountry "SRB"]
[SourceTitle "CB20_2025"]
[SourceDate "2025.05.14"]
[SourceVersion "1"]
[SourceVersionDate "2025.05.14"]
[SourceQuality "1"]

1. e4 c6 2. d4 d5 3. Nd2 dxe4 4. Nxe4 Bf5 5. Ng3 Bg6 6. h4 h6 7. Nf3 Nd7 8. h5 Bh7 9. Bd3 Bxd3 10. Qxd3 Qc7 11. Bd2 Ngf6 12. 0-0-0 e6 13. Ne4 a6 14. g3 Be7 15. Kb1 Nxe4 16. Qxe4 Nf6 17. Qe2 c5 18. dxc5 Bxc5 19. Bc3 Rc8 20. Bxf6 gxf6 21. Ne1 Bd6 22. Rh4 Ke7 23. Ng2 Qb6 24. Ne3 Be5 25. b3 Rhd8 26. Rhh1 Qb4 27. Nc4 Bd4 28. Rh4 Qc3 29. Rdxd4 Rxd4 30. Rxd4 Qxd4 31. Qf3 Rc7 32. Ne3 Rd7 33. a4 f5 34. Qe2 Qe4 35. Qe1 f4 36. gxf4 Qxf4 37. Nc4 Kf8 38. Ne3 b5 39. Qc3 bxa4 40. Qc8+ Ke7 41. Nc4 axb3 0-1

[Event "SRB-ch sf (Women)"]
[Site "Senta"]
[Date "2025.05.07"]
[Round "3"]
[White "Mijic, Sara"]
[Black "Ilic, Zvezdana"]
[Result "1-0"]
[WhiteElo "2084"]
[BlackElo "1828"]
[PlyCount "69"]
[EventDate "2025.05.05"]
[EventType "tourn"]
[EventRounds "7"]
[EventCountry "SRB"]
[SourceTitle "CB20_2025"]
[SourceDate "2025.05.14"]
[SourceVersion "1"]
[SourceVersionDate "2025.05.14"]
[SourceQuality "1"]

1. e4 c5 2. Nf3 Nc6 3. d4 cxd4 4. Nxd4 Nf6 5. Nc3 e5 6. Ndb5 d6 7. Nd5 Nxd5 8. exd5 Nb8 9. a4 a6 10. Na3 Bf5 11. Be3 Nd7 12. Be2 Qh4 13. 0-0 g5 14. c4 Rg8 15. Re1 g4 16. Bf1 h5 17. c5 dxc5 18. Nc4 Qd8 19. Nxe5 f6 20. Nc4 Kf7 21. Bf4 h4 22. Bd3 Bxd3 23. Qxd3 h3 24. Qf5 Rg6 25. Re2 b5 26. axb5 hxg2 27. bxa6 Ra7 28. Qe6+ Kg7 29. Qe8 Qxe8 30. Rxe8 f5 31. d6 Nf6 32. Rb8 Kg8 33. Rb7 Ra8 34. a7 Rg7 35. Rxg7+ 1-0

[Event "Belgrade (Women) 56th"]
[Site "Belgrade"]
[Date "2025.03.09"]
[Round "9"]
[White "Zherebtsova, Alexandra"]
[Black "Mijic, Sara"]
[Result "1-0"]
[WhiteElo "2229"]
[BlackElo "2164"]
[PlyCount "79"]
[EventDate "2025.03.01"]
[EventType "tourn"]
[EventRounds "9"]
[EventCountry "SRB"]
[SourceTitle "CB11_2025"]
[SourceDate "2025.03.12"]
[SourceVersion "1"]
[SourceVersionDate "2025.03.12"]
[SourceQuality "1"]

1. d4 d5 2. c4 dxc4 3. Nf3 c5 4. e3 Nf6 5. Bxc4 e6 6. 0-0 a6 7. b3 Nbd7 8. Be2 Be7 9. Bb2 0-0 10. Nbd2 b6 11. Ne5 Nxe5 12. dxe5 Nd5 13. a3 Bb7 14. Qc2 f5 15. exf6 Bxf6 16. Nf3 Qe7 17. Rac1 Rac8 18. Ne5 b5 19. Bd3 g6 20. Qe2 Nb6 21. e4 Rfd8 22. Bb1 Nd7 23. Ng4 Bg7 24. f4 Nf6 25. Nf2 Ne8 26. e5 Bd5 27. Qe3 c4 28. b4 Qb7 29. Qg3 Qa7 30. h4 Kh8 31. h5 gxh5 32. Qh4 Qf7 33. Nh3 Bh6 34. Ng5 Bxg5 35. fxg5 Qa7+ 36. Bd4 Qg7 37. Qxh5 Rd7 38. Rf6 c3 39. Rcf1 Kg8 40. Bxh7+ 1-0

[Event "Belgrade (Women) 56th"]
[Site "Belgrade"]
[Date "2025.03.08"]
[Round "8"]
[White "Mijic, Sara"]
[Black "Heinemann, Josefine"]
[Result "0-1"]
[WhiteElo "2164"]
[BlackElo "2297"]
[PlyCount "72"]
[EventDate "2025.03.01"]
[EventType "tourn"]
[EventRounds "9"]
[EventCountry "SRB"]
[SourceTitle "CB11_2025"]
[SourceDate "2025.03.12"]
[SourceVersion "1"]
[SourceVersionDate "2025.03.12"]
[SourceQuality "1"]

1. e4 c5 2. Nf3 d6 3. d4 cxd4 4. Nxd4 Nf6 5. Nc3 a6 6. f3 e5 7. Nb3 Be6 8. Be3 h5 9. Qd2 Nbd7 10. Nd5 Bxd5 11. exd5 g6 12. 0-0-0 Bg7 13. Kb1 Rc8 14. c4 0-0 15. h3 Re8 16. Be2 b6 17. g4 a5 18. Bg5 Qc7 19. Bxf6 Nxf6 20. Qe3 a4 21. Nd2 b5 22. g5 Nd7 23. Rc1 bxc4 24. Bxc4 e4 25. Nxe4 Nc5 26. Qd2 Nxe4 27. fxe4 Qb6 28. Rhe1 Rb8 29. Re2 Rxe4 30. Rc2 Qg1+ 31. Qc1 Qd4 32. Rxe4 Qxe4 33. b3 axb3 34. Bxb3 Kh7 35. Qd1 Qe5 36. Kc1 Qxg5+ 0-1

[Event "Belgrade (Women) 56th"]
[Site "Belgrade"]
[Date "2025.03.01"]
[Round "1"]
[White "Mijic, Sara"]
[Black "Mehmed, Elif"]
[Result "1/2-1/2"]
[WhiteElo "2164"]
[BlackElo "2265"]
[PlyCount "78"]
[EventDate "2025.03.01"]
[EventType "tourn"]
[EventRounds "9"]
[EventCountry "SRB"]
[SourceTitle "CB11_2025"]
[SourceDate "2025.03.12"]
[SourceVersion "1"]
[SourceVersionDate "2025.03.12"]
[SourceQuality "1"]

1. e4 c5 2. Nf3 a6 3. c4 Nc6 4. d4 cxd4 5. Nxd4 e5 6. Nc2 Bc5 7. Be3 d6 8. Nc3 Nf6 9. Be2 0-0 10. 0-0 Be6 11. a3 Rc8 12. b3 Bxe3 13. fxe3 Na5 14. Nb4 b5 15. Nbd5 Nxd5 16. exd5 Bd7 17. Rb1 bxc4 18. b4 Qb6 19. Kh1 Nb3 20. Bxc4 Rxc4 21. Qxb3 Rfc8 22. Ne2 Rc2 23. Rbc1 Qc7 24. h3 g6 25. e4 Bb5 26. Rxc2 Qxc2 27. Qf3 Rf8 28. Rf2 f5 29. Ng3 Qb1+ 30. Kh2 f4 31. Ne2 h5 32. Nc3 Qc1 33. Nxb5 axb5 34. Qd3 Rc8 35. Qxb5 Qxa3 36. Rf3 Qa7 37. Rf1 Rc2 38. Qe8+ Kg7 39. Ra1 Qxa1 1/2-1/2

[Event "Wch U14 Girls rapid"]
[Site "Terme Catez"]
[Date "2024.12.15"]
[Round "11"]
[White "Anand, Dhriti"]
[Black "Mijic, Sara"]
[Result "1/2-1/2"]
[WhiteElo "1782"]
[BlackElo "2130"]
[PlyCount "58"]
[EventDate "2024.12.14"]
[EventType "swiss (rapid)"]
[EventRounds "11"]
[EventCountry "SLO"]
[SourceTitle "CB51_2024"]
[SourceDate "2024.12.18"]
[SourceVersion "1"]
[SourceVersionDate "2024.12.18"]
[SourceQuality "1"]

1. d4 d5 2. Nf3 Nf6 3. g3 e6 4. Bg2 Bd6 5. 0-0 0-0 6. b3 c6 7. Bb2 Nbd7 8. c4 b6 9. Nc3 Ba6 10. Nd2 Rc8 11. e4 dxe4 12. Ndxe4 Nxe4 13. Nxe4 Be7 14. Re1 Nf6 15. Qe2 Nxe4 16. Qxe4 Bf6 17. Rad1 Qc7 18. Ba1 Rfd8 19. Rc1 Bb7 20. Red1 Rd7 21. Qf3 Rcd8 22. Qe3 h6 23. Rd3 e5 24. Rcd1 exd4 25. Bxd4 Bxd4 26. Rxd4 Rxd4 27. Rxd4 Rxd4 28. Qxd4 c5 29. Qe3 Bxg2 1/2-1/2

[Event "Wch U14 Girls rapid"]
[Site "Terme Catez"]
[Date "2024.12.14"]
[Round "1"]
[White "Czaeczine, Paula"]
[Black "Mijic, Sara"]
[Result "1/2-1/2"]
[WhiteElo "1740"]
[BlackElo "2130"]
[PlyCount "95"]
[EventDate "2024.12.14"]
[EventType "swiss (rapid)"]
[EventRounds "11"]
[EventCountry "SLO"]
[SourceTitle "CB51_2024"]
[SourceDate "2024.12.18"]
[SourceVersion "1"]
[SourceVersionDate "2024.12.18"]
[SourceQuality "1"]

1. e4 e5 2. Nf3 Nc6 3. d4 exd4 4. Nxd4 Bc5 5. Be3 Qf6 6. c3 Nge7 7. Bc4 Bb6 8. 0-0 d6 9. Kh1 Nxd4 10. Bxd4 Bxd4 11. Qxd4 Qxd4 12. cxd4 f5 13. f3 a6 14. Nc3 Bd7 15. Nd5 Nxd5 16. Bxd5 c6 17. Bb3 0-0-0 18. e5 d5 19. Rac1 Be6 20. f4 h5 21. a4 Kd7 22. a5 Rb8 23. Ba4 Ke7 24. Rc2 Rhc8 25. Rfc1 Bd7 26. b4 Ke6 27. Kg1 g6 28. Kf2 Ke7 29. Ke3 Be6 30. g3 Rg8 31. h4 Rgc8 32. Rc3 Rc7 33. R1c2 Rbc8 34. Rc5 Bd7 35. Rc1 Be6 36. R1c2 Bd7 37. Rc1 Be6 38. R1c2 Kd7 39. Rc1 Rb8 40. R5c3 Ke7 41. R1c2 Rcc8 42. Rc1 Bd7 43. R1c2 Rc7 44. Rc1 Kd8 45. Kd2 Ke7 46. R1c2 Rbc8 47. Rc5 Be6 48. Rc1 1/2-1/2

[Event "Vojvodina op 14th"]
[Site "Novi Sad"]
[Date "2024.06.30"]
[Round "8"]
[White "Mijic, Sara"]
[Black "Yalcinkaya, Efe"]
[Result "1-0"]
[WhiteElo "1920"]
[BlackElo "2070"]
[PlyCount "99"]
[EventDate "2024.06.24"]
[EventType "swiss"]
[EventRounds "9"]
[EventCountry "SRB"]
[SourceTitle "CBM 220 Extra"]
[Source "ChessBase"]
[SourceDate "2024.07.31"]
[SourceVersion "1"]
[SourceVersionDate "2024.07.31"]
[SourceQuality "1"]

1. e4 c5 2. Nf3 e6 3. d4 cxd4 4. Nxd4 a6 5. Bd3 Bc5 6. Nb3 Ba7 7. Qe2 Ne7 8. Be3 Nbc6 9. Nc3 b5 10. Bxa7 Rxa7 11. 0-0 d6 12. a3 e5 13. Rfd1 0-0 14. a4 b4 15. Nd5 Nxd5 16. exd5 Ne7 17. Qe4 g6 18. Bf1 a5 19. Qe3 Ra8 20. c4 bxc3 21. bxc3 Nf5 22. Qd2 e4 23. Qf4 Re8 24. Re1 g5 25. Qd2 Bd7 26. Bb5 h6 27. Bxd7 Qxd7 28. Nd4 Nh4 29. Qe2 Ng6 30. g3 Re5 31. c4 Rae8 32. Ra3 Ne7 33. Rb1 Ng6 34. Re1 g4 35. Nc6 Rh5 36. Re3 f5 37. Rb1 Qf7 38. Reb3 Ne5 39. Nxe5 Rxe5 40. Rb8+ Re8 41. R1b7 Rxb8 42. Rxb8+ Kg7 43. Qb2+ Kg6 44. Rd8 Rg5 45. Rxd6+ Kh5 46. Qf6 Qh7 47. Qe6 Rg7 48. Qe8+ Rg6 49. c5 f4 50. Qxg6+ 1-0

[Event "Vojvodina op 14th"]
[Site "Novi Sad"]
[Date "2024.06.27"]
[Round "4"]
[White "Masic, Predrag"]
[Black "Mijic, Sara"]
[Result "1-0"]
[WhiteElo "2176"]
[BlackElo "1920"]
[PlyCount "39"]
[EventDate "2024.06.24"]
[EventType "swiss"]
[EventRounds "9"]
[EventCountry "SRB"]
[SourceTitle "CBM 220 Extra"]
[Source "ChessBase"]
[SourceDate "2024.07.31"]
[SourceVersion "1"]
[SourceVersionDate "2024.07.31"]
[SourceQuality "1"]

1. d4 d5 2. Nf3 Nf6 3. c4 dxc4 4. Nc3 c5 5. d5 e6 6. e4 exd5 7. e5 Ng8 8. Qxd5 Qc7 9. Bxc4 Be6 10. Qe4 Bxc4 11. Qxc4 Nc6 12. Bf4 0-0-0 13. Nd5 Na5 14. Qe4 Qc6 15. 0-0-0 Ne7 16. Nc3 Re8 17. Ng5 f5 18. exf6 Qxe4 19. Ncxe4 Ng6 20. fxg7 1-0